00853nam a22002297a 450000500170000001000150001702000260003203500140005803700090007208200080008110000310008924500810012025000060020126000410020727001140024830000210036250000270038370000420041094200220045299900190047495201300049320250611111553.0 aENG-145292 c150.00a9788192880099 aEN-128824 bDBAD a881 aSatyanarayana, S V 981873 aLife is a Movement/cS V Satyanarayana [and] Edited By Chintapatla Sudarshan a1 aTelanganabSmitha Publicationsc2017 a301 Yamuna apt Ramanthapur HyderabadbHyderabad, Telanganae500059mnvrvp1@gmail.comk04027038980k9440551552 a91p.;c22cm(pbk) aan Anthology of Poetry aSudarshan, ChintapatlaeEditor981872 2ddccENh881mSAT c211722d211722 001040718NFICaDBADbDBADd2025-06-11eDBADg150.00l0o881 SATpEN-128824r2025-06-11 00:00:00t1v150.00w2025-06-11yEN